| 000 | 00513aam a2200205 4500 | ||
|---|---|---|---|
| 005 | 20161116183250.0 | ||
| 008 | 150407b xxu||||| |||| 00| 0 spa d | ||
| 041 | _aspa | ||
| 082 | _a972.86 F386p | ||
| 100 |
_aFerrero Acosta, Luis _92424 |
||
| 245 | _aPensándolo bien | ||
| 260 |
_aCosta Rica _bEUNED _c2002 |
||
| 300 | _a258 páginas | ||
| 650 |
_aCOSTA RICA _931930 |
||
| 650 |
_aHISTORIA _943 |
||
| 650 |
_aCULTURA POPULAR _97204 |
||
| 650 |
_aFOLCLOR _97787 |
||
| 650 |
_aPERIODISMO _97151 |
||
| 942 | _cBK | ||
| 999 |
_c4218 _d4218 |
||